| Tag |
First Indicator |
Second Indicator |
Subfields |
| LEADER |
00000cam a2200000 i 4500 |
| 001 |
in00000099821 |
| 005 |
20220103114738.0 |
| 007 |
cr unu a |
| 008 |
800328s1979 txua b 00010 eng d |
| 035 |
|
|
|9 AAL0445AM
|
| 035 |
|
|
|a (OCoLC)06141033
|
| 040 |
|
|
|a TXA
|c TXA
|d UtOrBLW
|
| 049 |
|
|
|a TXAZ [Also in] [Archives]
|c 1 [1242543], 2 [1242544]
|
| 099 |
|
|
|a 1979
|a Thesis
|a B256
|
| 100 |
1 |
|
|a Barkley, Thomas Ray.
|
| 245 |
1 |
0 |
|a Factors associated with poor seed set in onion hybrids /
|c by Thomas Ray Barkley.
|
| 264 |
|
1 |
|a [College Station, Tex.] :
|b Barkley,
|c 1979.
|
| 300 |
|
|
|a viii, 45 leaves :
|b illustrations (some color) ;
|c 28 cm.
|
| 336 |
|
|
|a text
|b txt
|2 rdacontent
|
| 337 |
|
|
|a computer
|b c
|2 rdamedia
|
| 338 |
|
|
|a online resource
|b cr
|2 rdacarrier
|
| 500 |
|
|
|a "Major subject: Horticulture."
|
| 500 |
|
|
|a Vita.
|
| 502 |
|
|
|b M.S.
|c Texas A&M University.
|
| 504 |
|
|
|a Bibliography: leaves 37-39.
|
| 530 |
|
|
|a Also available online.
|
| 650 |
|
0 |
|a Fertilization of plants.
|
| 650 |
|
0 |
|a Onions.
|
| 650 |
|
0 |
|a Onions
|x Breeding.
|
| 650 |
|
0 |
|a Pollen tube.
|
| 650 |
|
4 |
|a Major horticulture.
|
| 856 |
4 |
1 |
|u https://hdl.handle.net/1969.1/ETD-TAMU-1979-THESIS-B256
|z Link to OAKTrust copy
|t 0
|
| 999 |
|
|
|a MARS
|
| 999 |
f |
f |
|s 29126416-b999-379f-ae31-ebbe99ff0eed
|i 038c7417-8f81-3119-b179-d51d27e83319
|t 0
|
| 952 |
f |
f |
|p noncirc
|a Texas A&M University
|b J.J. Pickle Campus
|c High Density Repository
|s HDR
|d Remote Storage
|t 0
|e 1979 Thesis B256
|h Other scheme
|i computer -- online resource
|m A14840994783
|
| 952 |
f |
f |
|a Texas A&M University
|b College Station
|c Electronic Resources
|s www_evans
|d Available Online
|t 0
|e 1979 Thesis B256
|h Other scheme
|
| 998 |
f |
f |
|a 1979 Thesis B256
|t 0
|l Remote Storage
|
| 998 |
f |
f |
|a 1979 Thesis B256
|t 0
|l Available Online
|